| 000 | 00548nam a2200205Ia 4500 | ||
|---|---|---|---|
| 003 | GCL | ||
| 008 | 140319s9999 xx 000 0 eng d | ||
| 040 |
_aGCL / _cGCL |
||
| 082 | 0 | 4 |
_a523.2 _bR E |
| 100 | 1 | _aNATIONAL GEOGRAPHIC SOCIETY | |
| 245 | 1 | 0 |
_aEXPLORING YOUR SOLAR SYSTEM / _cNATIONAL GEOGRAPHIC SOCIETY |
| 700 | 1 | _aRATHBUN, ELIZABETH | |
| 260 |
_a[S.N] : _bNATIONAL GEOGRAPHIC SOCIETY |
||
| 300 | _a96 P | ||
| 650 | 0 | 4 | _aJUVENILE LITERATURE |
| 650 | 0 | 4 | _aEXPLORATION |
| 650 | 0 | 4 | _aSPACE |
| 650 | 0 | 4 | _aSOLAR SYSTEM |
| 942 |
_2ddc _cBK |
||
| 999 |
_c19258 _d19258 |
||